| 000 | 00433nam a22001457a 4500 | ||
|---|---|---|---|
| 999 |
_c130592 _d130592 |
||
| 008 | 201029b ||||| |||| 00| 0 eng d | ||
| 050 | _aBS2545.L6 R148 | ||
| 100 |
_aRahner, Karl _94800 |
||
| 245 |
_aThe love of Jesus and the love of neighbour _cKarl Rahner |
||
| 260 |
_aEngland _bSt. Paul Publications _c1983 |
||
| 300 |
_a104p. ; _c21cm. |
||
| 650 |
_aLove _950105 |
||
| 700 |
_aBarr, Robert tr. _950106 |
||
| 942 |
_2lcc _cMONOGRAPH |
||